000 01435nam0a2200325 4500
001 RU\NLR\BIBL_A\016323010
005 20260406090801.0
010 _a5-7300-0215-7
035 _a(NLR Aleph) 016323010
090 _a13037132
_c13037132
100 _a20230324d1991 |||y0rusy50 ca
101 0 _aeng
_crus
102 _aRU
105 _aach z 000zy
181 0 _ai
_baxxe
181 0 _ab
_baxxe
182 0 _an
200 1 _a"The world of art", movement in early 20th-century Russia
_e[an album
_fintroduction essays by Vsevolod Petrov and Alexander Kamensky
_gselections by Alexander Kamensky
_gtranslation from the Russian by Arthur Skarovsky-Raffe]
203 _aТекст
_aИзображение
_bвизуальные
_cнепосредственные
210 _aLeningrad
_cAurora
_d1991
215 _a331 c.
_cил., цв. ил., факс., портр.
_d30
225 1 _aRussia : the 20th century
300 _aВ вып. дан.: "Мир искусства", объединение русских художников начала ХХ века : альбом
320 _aБиблиогр.: с. 309-330
702 1 _4220
_7ba
_8rus
_aKamenskij
_bA. A.
_f1922-1992
_gAleksandr Abramovič
_3RU\NLR\AUTH\770281320
_92653287
852 _aNLR
_jЭ АлИс494/2-36
942 _cBOOK
980 _aNB